000 00544nam a2200217Ia 4500
008 210210b2006 xxu||||| |||| 00| 0 eng d
020 _a978 81 7371 539 6
041 _aeng
082 _a574.19203 DAIU
100 _aDAINTITH (John)
245 _aUniversities press dictionary of biochemistry
260 _aHyderabad
_bUniversities Press
_c2006
300 _avii---247
650 _aUniversities
650 _apress
650 _aof
650 _adictionary
650 _abiochemistry
690 _aBiochemistry
906 _a063283
999 _c135664
_d135664